[Event "SR 1. liga zapad 2014/2015"]
[Site "?"]
[Date "2014.11.29"]
[Round "3.5"]
[White "Vass, Frantisek"]
[Black "Koval, Maros"]
[Result "1-0"]
[WhiteElo "2280"]
[BlackElo "2098"]
[PlyCount "120"]
[EventDate "2014.??.??"]

1. d4 d5 2. Nf3 c6 3. c4 Nf6 4. e3 e6 5. Nc3 Nbd7 6. Be2 dxc4 7. Bxc4 b5 8. Bb3
Bb7 9. O-O a6 10. e4 b4 11. e5 bxc3 12. exf6 Nxf6 13. bxc3 Be7 14. c4 O-O 15.
c5 Qc7 16. g3 Rfd8 17. Bf4 Qc8 18. Qc2 Nd5 19. Bd2 a5 20. Rfe1 Bf6 21. Rab1 Nc7
22. Bg5 Ne8 23. Bc4 h6 24. Be3 Nc7 25. Qe4 Ba6 26. Bb3 a4 27. Bc2 Bb5 28. Qh7+
Kf8 29. Bf4 Ke7 30. Bd6+ Rxd6 31. cxd6+ Kxd6 32. Ne5 Ke7 33. Be4 Bxe5 34. dxe5
Qg8 35. Qxg8 Rxg8 36. Rec1 Nd5 37. Bg2 Kd7 38. Bf1 Bxf1 39. Kxf1 Kc7 40. Rc4
Ra8 41. h4 h5 42. Ke2 g6 43. Kf3 Ra5 44. Rbc1 Ne7 45. Kf4 a3 46. Ke4 Kb6 47. f3
c5 48. Rb1+ Kc6 49. Rb3 Nd5 50. Kd3 Nb6 51. Rcc3 c4+ 52. Ke4 Kc5 53. Rxa3 Rb5
54. Rc2 Rb1 55. Ra5+ Kb4 56. Ra7 Re1+ 57. Kd4 Rd1+ 58. Ke3 Re1+ 59. Kf2 Rb1 60.
Rb7 Kc5 1-0

[Event "SR 1. liga zapad 2014/2015"]
[Site "?"]
[Date "2014.11.29"]
[Round "3.5"]
[White "Polacik, Igor"]
[Black "Banas, Jan"]
[Result "1-0"]
[WhiteElo "2173"]
[BlackElo "2273"]
[PlyCount "97"]
[EventDate "2014.??.??"]

1. e4 c5 2. Nf3 e6 3. b3 d6 4. Bb2 Nc6 5. Bb5 Bd7 6. O-O Nf6 7. Re1 Be7 8. d4
cxd4 9. Nxd4 Rc8 10. Nxc6 Bxc6 11. Bd3 O-O 12. Nd2 Nd7 13. c4 Bf6 14. Qb1 Bxb2
15. Qxb2 Ne5 16. Bf1 a6 17. a4 Qf6 18. Qd4 Rfd8 19. b4 Be8 20. a5 Nc6 21. Qxf6
gxf6 22. b5 Ne7 23. bxa6 bxa6 24. Reb1 Ra8 25. Rb6 Kf8 26. Ra3 Nc6 27. Nb3 e5
28. h3 Nb8 29. Na1 Ke7 30. Nc2 Nd7 31. Rb7 Rdb8 32. Rab3 Kd8 33. Ne3 Kc8 34.
Rxb8+ Rxb8 35. Rd3 Rb1 36. Rxd6 Ra1 37. Rxa6 Kb7 38. Rd6 Rxa5 39. Nd5 Nc5 40.
Rxf6 Ra2 41. Rh6 Ne6 42. Rh5 Nf4 43. Rxe5 Nxd5 44. exd5 Ba4 45. Re7+ Kb6 46.
Rxf7 Bc2 47. Rf6+ Kc5 48. Rc6+ Kd4 49. d6 1-0

[Event "SR 1. liga zapad 2014/2015"]
[Site "?"]
[Date "2014.11.29"]
[Round "3.5"]
[White "Lukac, Roman"]
[Black "Riabov, Alexander"]
[Result "0-1"]
[WhiteElo "2092"]
[BlackElo "2072"]
[PlyCount "70"]
[EventDate "2014.??.??"]

1. e4 e5 2. Nf3 Nf6 3. Nxe5 d6 4. Nf3 Nxe4 5. Nc3 Nxc3 6. dxc3 Nc6 7. Be3 Be6
8. Qd2 Qd7 9. Be2 Be7 10. h3 h6 11. b3 Bf6 12. O-O-O a6 13. Nd4 Nxd4 14. Bxd4
Bxd4 15. Qxd4 O-O 16. f4 b5 17. g4 f6 18. Rhe1 Bf7 19. Bd3 Rfe8 20. Bf5 Qc6 21.
Rg1 Qc5 22. Qxc5 dxc5 23. Rd7 Be6 24. Rxc7 c4 25. Bxe6+ Rxe6 26. g5 fxg5 27.
fxg5 Rg6 28. h4 cxb3 29. axb3 Rf8 30. Rc5 h5 31. Rd1 Re6 32. Rd7 Rf1+ 33. Kb2
Ree1 34. Ka3 a5 35. b4 Ra1+ 0-1

[Event "SR 1. liga zapad 2014/2015"]
[Site "?"]
[Date "2014.11.29"]
[Round "3.5"]
[White "Chlpik, Martin"]
[Black "Miklas, Marian"]
[Result "1-0"]
[WhiteElo "2072"]
[BlackElo "2112"]
[PlyCount "97"]
[EventDate "2014.??.??"]

1. d4 Nf6 2. Nf3 g6 3. Bf4 Bg7 4. h3 O-O 5. e3 c5 6. c3 b6 7. Nbd2 Bb7 8. Be2
d6 9. O-O Nbd7 10. a4 Re8 11. Bh2 a6 12. Qb3 d5 13. c4 e6 14. a5 Ne4 15. Nxe4
dxe4 16. Ne5 Nxe5 17. dxe5 Rb8 18. Rfd1 Qc8 19. axb6 Bf8 20. Qa4 Bc6 21. Qxa6
Qxa6 22. Rxa6 Rb7 23. Bg3 Be7 24. Rd6 Bxd6 25. exd6 Reb8 26. b4 Rxb6 27. Rxb6
Rxb6 28. b5 Bd7 29. f3 f6 30. Kf1 Kf7 31. Be1 Rxd6 32. Ba5 Bc8 33. Bc7 Rd2 34.
Bb6 Bb7 35. Bxc5 e5 36. Bb6 Rb2 37. c5 Ke6 38. Bd8 Bd5 39. Bb6 Rc2 40. Ba7 Bc4
41. Bxc4+ Rxc4 42. b6 Rb4 43. c6 Kd6 44. b7 Kc7 45. fxe4 f5 46. Ke2 f4 47. exf4
Rxe4+ 48. Kd3 Rb4 49. fxe5 1-0

[Event "SR 1. liga zapad 2014/2015"]
[Site "?"]
[Date "2014.11.29"]
[Round "3.5"]
[White "Kavon, Rastislav"]
[Black "Bielik, Miroslav"]
[Result "1-0"]
[WhiteElo "2153"]
[BlackElo "2157"]
[PlyCount "77"]
[EventDate "2014.??.??"]

1. e4 b6 2. d4 Bb7 3. Nc3 e6 4. Nf3 Bb4 5. Bd3 Nf6 6. Qe2 d5 7. e5 Ne4 8. Bd2
Nxd2 9. Qxd2 Be7 10. Ne2 c5 11. c3 Ba6 12. Bxa6 Nxa6 13. Qd3 Nc7 14. O-O O-O
15. Nd2 f5 16. f4 Qe8 17. Nf3 h6 18. h3 g5 19. fxg5 hxg5 20. g4 f4 21. Kf2 Kg7
22. Rh1 Qd8 23. h4 gxh4 24. g5 Kf7 25. Rxh4 Ke8 26. Rh7 Kd7 27. g6 c4 28. Qc2
b5 29. g7 Rg8 30. Qg6 Qe8 31. Nxf4 Qxg6 32. Nxg6 Ne8 33. Nf8+ Kc6 34. Nxe6 Kd7
35. Nf4 Nc7 36. Rg1 a5 37. e6+ Kd6 38. Ne5 Nxe6 39. Rg6 1-0

[Event "SR 1. liga zapad 2014/2015"]
[Site "?"]
[Date "2014.11.29"]
[Round "3.5"]
[White "Marko, Anton"]
[Black "Liptak, Tomas"]
[Result "0-1"]
[WhiteElo "2092"]
[BlackElo "2168"]
[PlyCount "98"]
[EventDate "2014.??.??"]

1. c4 Nf6 2. Nc3 g6 3. g3 Bg7 4. Bg2 O-O 5. Nf3 d6 6. O-O e5 7. d3 c5 8. a3 Nc6
9. Rb1 a5 10. Ne1 Be6 11. Nd5 Rb8 12. Bg5 Bxd5 13. Bxd5 h6 14. Bxf6 Bxf6 15.
Nc2 Ne7 16. Ne3 Bg5 17. f4 exf4 18. gxf4 Bf6 19. Kh1 Bd4 20. Rf3 Bxe3 21. Rxe3
Nxd5 22. cxd5 Qf6 23. Rf3 Qd4 24. Qb3 Rfe8 25. e4 c4 26. Qxc4 Qxc4 27. dxc4
Rxe4 28. Rc1 a4 29. f5 g5 30. b4 Rc8 31. Rfc3 Re5 32. f6 Kh7 33. c5 Rxd5 34.
cxd6 Rxc3 35. Rxc3 Kg6 36. Rc7 b5 37. d7 Kxf6 38. Rc5 Rxd7 39. Rxb5 Rd3 40.
Rb6+ Kg7 41. Ra6 Rxa3 42. b5 Rb3 43. b6 Rb2 44. h3 a3 45. Rxa3 Rxb6 46. Kg2 f5
47. Kf3 Kg6 48. Kg3 Kh5 49. Rc3 f4+ 0-1

[Event "SR 1. liga zapad 2014/2015"]
[Site "?"]
[Date "2014.11.29"]
[Round "3.5"]
[White "Puskar, Peter"]
[Black "Horn, Jozef"]
[Result "1-0"]
[WhiteElo "2051"]
[BlackElo "2028"]
[PlyCount "48"]
[EventDate "2014.??.??"]

1. d4 g6 2. c4 Bg7 3. e4 d6 4. Nc3 Nd7 5. f4 e5 6. Nf3 exd4 7. Nxd4 Nc5 8. Be2
Ne7 9. O-O f5 10. Bf3 O-O 11. Be3 fxe4 12. Nxe4 Nf5 13. Nxf5 Bxf5 14. Nxc5 dxc5
15. Bd5+ Kh8 16. Bxc5 Re8 17. Bxb7 Rb8 18. Bd5 c6 19. Bf3 Rxb2 20. Qxd8 Rxd8
21. Rad1 Rc8 22. Rf2 Bc2 23. Rdd2 Re8 24. Rfe2 Rxe2 1-0

[Event "SR 1. liga zapad 2014/2015"]
[Site "?"]
[Date "2014.11.29"]
[Round "3.6"]
[White "Debnar, Lubos"]
[Black "Gasa, Andrej"]
[Result "1-0"]
[WhiteElo "2269"]
[BlackElo "2317"]
[PlyCount "73"]
[EventDate "2014.??.??"]

1. d4 Nf6 2. c4 e6 3. Nc3 d5 4. Bg5 Nbd7 5. Nf3 c6 6. e3 Qa5 7. Nd2 Be7 8. Be2
O-O 9. O-O Re8 10. Rc1 a6 11. Qc2 b5 12. c5 e5 13. a3 Qd8 14. b4 h6 15. Bh4 Nh7
16. Bg3 Bf6 17. Nb3 Bh4 18. e4 Bxg3 19. hxg3 Nhf6 20. Rfd1 dxe4 21. Nxe4 Nxe4
22. Qxe4 Qc7 23. dxe5 Rxe5 24. Qf4 Nf6 25. Bf3 Be6 26. Rd6 Rf5 27. Qe3 Nd5 28.
Qd3 Re5 29. Qd4 Rg5 30. Na5 Rc8 31. Nxc6 a5 32. Rd1 axb4 33. axb4 Nf6 34. Qd3
Kf8 35. Qxb5 Bd7 36. Qd3 Be8 37. Qd4 1-0

[Event "SR 1. liga zapad 2014/2015"]
[Site "?"]
[Date "2014.11.29"]
[Round "3.6"]
[White "Bury, Rastislav"]
[Black "Kalisky, Vladimir"]
[Result "0-1"]
[WhiteElo "2147"]
[BlackElo "2268"]
[PlyCount "62"]
[EventDate "2014.??.??"]

1. d4 d5 2. Nf3 Nf6 3. g3 c6 4. Bg2 Bf5 5. O-O e6 6. b3 Nbd7 7. Bb2 Bd6 8. Nbd2
O-O 9. Ne5 Qe7 10. Re1 Rfd8 11. Nxd7 Rxd7 12. e4 dxe4 13. Nxe4 Bxe4 14. Bxe4
Ba3 15. Qc1 Bxb2 16. Qxb2 Rad8 17. Rad1 c5 18. Qa3 Rxd4 19. Rxd4 Rxd4 20. Bd3
b6 21. Qa6 Qd7 22. Bb5 Qc7 23. Bd3 h5 24. h4 g6 25. Qb5 Kg7 26. Bf1 Qd6 27. Qa6
Ng4 28. Re2 Qd5 29. c3 Rd1 30. Rc2 Qe4 31. Qe2 Rxf1+ 0-1

[Event "SR 1. liga zapad 2014/2015"]
[Site "?"]
[Date "2014.11.29"]
[Round "3.6"]
[White "Szucs, Vladimir"]
[Black "Jozefek, Michal"]
[Result "1/2-1/2"]
[WhiteElo "2228"]
[BlackElo "2064"]
[PlyCount "105"]
[EventDate "2014.??.??"]

1. d4 Nf6 2. c4 e6 3. Nc3 Bb4 4. e3 O-O 5. Nge2 d5 6. a3 Bxc3+ 7. Nxc3 b6 8.
cxd5 exd5 9. b4 Bf5 10. Bd3 Bxd3 11. Qxd3 Nbd7 12. Qf5 c6 13. O-O Re8 14. b5
Nf8 15. bxc6 Rc8 16. Bb2 Rxc6 17. Rfc1 Qc8 18. Qd3 Qc7 19. a4 Rc8 20. h3 Ne6
21. Ba3 Rc4 22. Rab1 Qc6 23. Nb5 Ne4 24. Rxc4 Qxc4 25. Qd1 a6 26. Rc1 axb5 27.
Rxc4 bxc4 28. Qb1 c3 29. Qc2 Rc4 30. Kf1 g6 31. Ke2 Rxd4 32. Qb3 Rd2+ 33. Ke1
c2 34. f3 Rd1+ 35. Ke2 Ng3+ 36. Kf2 Nh1+ 37. Ke2 c1=Q 38. Bxc1 Rxc1 39. Qxb6
Rc8 40. Qd6 Ra8 41. Qh2 Rxa4 42. Qxh1 Ra2+ 43. Kd3 d4 44. exd4 Nf4+ 45. Kc4
Rxg2 46. Qb1 Kg7 47. Qe4 g5 48. h4 h6 49. hxg5 hxg5 50. Qe5+ Kg6 51. Qe4+ Kg7
52. Qe5+ Kg6 53. Qe4+ 1/2-1/2

[Event "SR 1. liga zapad 2014/2015"]
[Site "?"]
[Date "2014.11.29"]
[Round "3.6"]
[White "Kimerling, Martin"]
[Black "Gorusa, Miroslav"]
[Result "1/2-1/2"]
[WhiteElo "2157"]
[BlackElo "2172"]
[PlyCount "77"]
[EventDate "2014.??.??"]

1. d4 d5 2. Nf3 Nf6 3. Bf4 e6 4. e3 Be7 5. Nbd2 Nbd7 6. Bd3 b6 7. Ne5 Nxe5 8.
dxe5 Nd7 9. h4 Nc5 10. Be2 O-O 11. Nf3 f6 12. c3 Bd7 13. Qc2 Ba4 14. b3 Be8 15.
h5 f5 16. Nd4 Qc8 17. f3 Nb7 18. Ba6 Bd7 19. O-O-O c5 20. Nb5 Bxb5 21. Bxb5 c4
22. bxc4 a6 23. Ba4 Qxc4 24. Bb3 Qc5 25. g4 Rac8 26. Rd3 b5 27. gxf5 Rxf5 28.
Kd1 a5 29. Rxd5 exd5 30. Qxf5 Qxc3 31. Bc2 Qa1+ 32. Bb1 Qc3 33. Qxh7+ Kf8 34.
Bc2 Bb4 35. Qf5+ Kg8 36. Qh7+ Kf8 37. Qf5+ Kg8 38. Qh7+ Kf8 39. Qf5+ 1/2-1/2

[Event "SR 1. liga zapad 2014/2015"]
[Site "?"]
[Date "2014.11.29"]
[Round "3.6"]
[White "Pinter, Patrik"]
[Black "Karas, Marek"]
[Result "0-1"]
[WhiteElo "2125"]
[BlackElo "2170"]
[PlyCount "82"]
[EventDate "2014.??.??"]

1. e4 e6 2. d4 d5 3. Nc3 Nf6 4. e5 Nfd7 5. f4 c5 6. Nce2 Nc6 7. Nf3 Be7 8. c3
O-O 9. g3 f6 10. Bh3 fxe5 11. Bxe6+ Kh8 12. Bxd5 cxd4 13. O-O d3 14. Qxd3 Nf6
15. c4 Nb4 16. Qb3 Bh3 17. Bd2 Bxf1 18. Rxf1 Nbxd5 19. cxd5 e4 20. Ng5 Qb6+ 21.
Kg2 Qxb3 22. axb3 e3 23. Bxe3 Nxd5 24. Bd4 Bxg5 25. fxg5 Kg8 26. Nf4 Nb6 27.
Ra1 Rfd8 28. Ne2 Rd6 29. Bc3 a6 30. Nf4 Re8 31. Ra5 Nd7 32. h4 Nb8 33. Nh5 Rd7
34. Ra4 Nc6 35. Rc4 Ree7 36. b4 Rc7 37. Rc5 Na7 38. Rd5 Red7 39. Rf5 Nb5 40.
Rf3 Nxc3 41. bxc3 Rd2+ 0-1

[Event "SR 1. liga zapad 2014/2015"]
[Site "?"]
[Date "2014.11.29"]
[Round "3.6"]
[White "Spacek, Oliver"]
[Black "Nagy, Attilla"]
[Result "1/2-1/2"]
[WhiteElo "2011"]
[BlackElo "2139"]
[PlyCount "93"]
[EventDate "2014.??.??"]

1. c4 Nf6 2. Nc3 g6 3. g3 Bg7 4. Bg2 O-O 5. e4 d6 6. Nge2 c5 7. O-O Nc6 8. h3
a6 9. b3 Rb8 10. Bb2 b5 11. cxb5 axb5 12. d4 b4 13. Nd5 Nxd5 14. exd5 Na5 15.
a3 c4 16. bxc4 Nxc4 17. axb4 Nxb2 18. Qb3 Qb6 19. Qxb2 Qxb4 20. Qxb4 Rxb4 21.
Ra7 Bf6 22. g4 Bb7 23. Rfa1 Rb2 24. R7a2 Rxa2 25. Rxa2 Ra8 26. Rxa8+ Bxa8 27.
f4 h6 28. Kf2 Kf8 29. Ke3 Ke8 30. Nc3 Bb7 31. Bf1 Bh4 32. Bc4 Be1 33. Nd1 Kd8
34. f5 gxf5 35. gxf5 Bc8 36. Ke4 Ke8 37. Be2 Kf8 38. Bg4 Ba6 39. f6 exf6 40.
Ne3 Bd2 41. Nf5 Bf1 42. h4 Bg2+ 43. Bf3 Bh3 44. Nxd6 Ke7 45. Nf5+ Bxf5+ 46.
Kxf5 Bb4 47. Kg4 1/2-1/2

[Event "SR 1. liga zapad 2014/2015"]
[Site "?"]
[Date "2014.11.29"]
[Round "3.6"]
[White "Dlhy, Jozef"]
[Black "Gasa, Patrik"]
[Result "1/2-1/2"]
[WhiteElo "2075"]
[BlackElo "2074"]
[PlyCount "130"]
[EventDate "2014.??.??"]

1. d4 Nf6 2. c4 e6 3. Nf3 b6 4. g3 Bb7 5. Bg2 Be7 6. Nc3 O-O 7. O-O d5 8. Ne5
Nbd7 9. Qa4 c5 10. Nxd7 Nxd7 11. cxd5 cxd4 12. Qxd4 Nf6 13. e4 Ba6 14. Re1 Bc5
15. Qa4 Ng4 16. Nd1 Bc8 17. Be3 Nxe3 18. Nxe3 Bd7 19. Qb3 exd5 20. exd5 Qf6 21.
Rad1 Rad8 22. Qc3 Qg6 23. b4 Bd6 24. Qd4 f5 25. f4 h5 26. a3 h4 27. Nc4 hxg3
28. hxg3 Rf6 29. Nxd6 Rxd6 30. Kf2 Ba4 31. Rd2 Bb3 32. Re5 Ba4 33. Bf3 Bd7 34.
Rc2 Qh6 35. Rc7 g5 36. fxg5 Qxg5 37. Qf4 Qf6 38. Rxa7 Rf8 39. Rc7 Rd8 40. Rc3
Ra8 41. Rce3 Rc8 42. Re2 Rc3 43. R5e3 Rc8 44. Qe5 Qh6 45. Rc3 Rf8 46. Qf4 Qh2+
47. Bg2 Rg6 48. Qh4 f4 49. Qxh2 fxg3+ 50. Kg1 gxh2+ 51. Kxh2 Rf5 52. Rd2 Rfg5
53. Kg1 Kf8 54. Kf1 Bb5+ 55. Kg1 Ke7 56. Kh2 Bd7 57. Rf2 Kd6 58. Ra2 Rh6+ 59.
Kg1 Rh3 60. Rxh3 Bxh3 61. a4 Bxg2 62. Rxg2 Rxg2+ 63. Kxg2 Kxd5 64. Kf3 Kc4 65.
a5 bxa5 1/2-1/2

[Event "SR 1. liga zapad 2014/2015"]
[Site "?"]
[Date "2014.11.30"]
[Round "4.1"]
[White "Veres, Andrej"]
[Black "Kukel, Imre"]
[Result "1-0"]
[WhiteElo "2179"]
[BlackElo "2279"]
[PlyCount "59"]
[EventDate "2014.??.??"]

1. d4 Nf6 2. Nf3 g6 3. c4 Bg7 4. Nc3 d5 5. Bg5 Ne4 6. cxd5 Nxg5 7. Nxg5 e6 8.
Qd2 h6 9. Nh3 exd5 10. Qe3+ Kf8 11. Nf4 Nc6 12. O-O-O Ne7 13. Qf3 c6 14. e3 h5
15. h3 Kg8 16. Bd3 Bf5 17. Be2 c5 18. g4 hxg4 19. hxg4 Rxh1 20. Qxh1 Be6 21.
Kb1 Rc8 22. Qh4 cxd4 23. exd4 Nc6 24. g5 Bf5+ 25. Bd3 Bxd3+ 26. Rxd3 Nb4 27.
Rh3 Qd7 28. Qh7+ Kf8 29. Nxg6+ fxg6 30. Rf3+ 1-0

[Event "SR 1. liga zapad 2014/2015"]
[Site "?"]
[Date "2014.11.30"]
[Round "4.1"]
[White "Janko, Zoltan"]
[Black "Borik, Juraj"]
[Result "1-0"]
[WhiteElo "2255"]
[BlackElo "2188"]
[PlyCount "61"]
[EventDate "2014.??.??"]

1. e4 c5 2. Nf3 Nc6 3. Nc3 g6 4. Bc4 Bg7 5. O-O a6 6. a4 e6 7. d3 Nge7 8. Re1
d6 9. Be3 O-O 10. d4 cxd4 11. Nxd4 Qc7 12. Nxc6 Nxc6 13. Ra3 b6 14. Qe2 Nd4 15.
Bxd4 Bxd4 16. Rd1 Bc5 17. Rb3 Bb7 18. g3 Qc6 19. Bd3 Bd4 20. a5 bxa5 21. Bc4
Bc5 22. Nd5 Kg7 23. Qf3 f5 24. Nf4 Bc8 25. Bxe6 Qxe4 26. Qxe4 fxe4 27. Bxc8
Rfxc8 28. Ne6+ Kf6 29. Nxc5 dxc5 30. Rb6+ Ke5 31. Rbd6 1-0

[Event "SR 1. liga zapad 2014/2015"]
[Site "?"]
[Date "2014.11.30"]
[Round "4.1"]
[White "Podoba, Milan"]
[Black "Voros, Gellert"]
[Result "0-1"]
[WhiteElo "2131"]
[BlackElo "2069"]
[PlyCount "90"]
[EventDate "2014.??.??"]

1. e4 e5 2. Nf3 Nc6 3. Bb5 a6 4. Ba4 Nf6 5. d4 exd4 6. O-O Nxe4 7. Re1 d5 8. c4
dxc3 9. Nxc3 Be6 10. Nd4 Qd7 11. Nxc6 bxc6 12. Nxe4 dxe4 13. Qc2 Bd5 14. f3
O-O-O 15. fxe4 Qe7 16. Qe2 Qc5+ 17. Be3 Qc4 18. Qxc4 Bxc4 19. Rac1 Bb5 20. Bb3
Bb4 21. Red1 Rxd1+ 22. Rxd1 Re8 23. Bxf7 Rxe4 24. Kf2 Bd6 25. g3 Re7 26. Bb3 c5
27. Rc1 Re5 28. a4 Bd7 29. Bc4 Bxa4 30. Bxa6+ Kd7 31. Bc4 Rh5 32. h4 Rf5+ 33.
Ke2 Bxg3 34. Bg8 Bxh4 35. Bxh7 Bb5+ 36. Kd2 Rd5+ 37. Kc2 Bf6 38. Bg6 Re5 39.
Bd2 Re2 40. Re1 Rxe1 41. Bxe1 Be5 42. Bh4 Ke6 43. Bg5 Be2 44. Be3 Kf6 45. Be4
c4 0-1

[Event "SR 1. liga zapad 2014/2015"]
[Site "?"]
[Date "2014.11.30"]
[Round "4.1"]
[White "Molnar, Erno"]
[Black "Bombek, Peter"]
[Result "0-1"]
[WhiteElo "2027"]
[BlackElo "2156"]
[PlyCount "44"]
[EventDate "2014.??.??"]

1. e4 e6 2. d4 d5 3. exd5 exd5 4. Nf3 Bd6 5. Bd3 Nf6 6. O-O O-O 7. Re1 Bg4 8.
Bg5 c5 9. dxc5 Bxc5 10. c3 Qb6 11. Qc2 Bxf3 12. gxf3 Nbd7 13. b4 Bd6 14. Nd2
Rac8 15. Bf5 Rc6 16. a3 Qc7 17. Rac1 Bxh2+ 18. Kg2 Bf4 19. b5 Rb6 20. Bh4 g6
21. Re7 Qd6 22. Bxf6 Nxf6 0-1

[Event "SR 1. liga zapad 2014/2015"]
[Site "?"]
[Date "2014.11.30"]
[Round "4.1"]
[White "Sukuba, Zdeno"]
[Black "Hegedus, Roland"]
[Result "1-0"]
[WhiteElo "2096"]
[BlackElo "2016"]
[PlyCount "71"]
[EventDate "2014.??.??"]

1. c4 Nf6 2. Nf3 g6 3. Nc3 Bg7 4. d4 O-O 5. e4 d6 6. h3 e5 7. dxe5 dxe5 8. Qxd8
Rxd8 9. Bg5 c6 10. Nxe5 Re8 11. O-O-O Nxe4 12. Nxe4 Bxe5 13. f4 Bxf4+ 14. Bxf4
Rxe4 15. Rd8+ Kg7 16. Rxc8 Rxf4 17. Bd3 Rd4 18. Kc2 Rf4 19. Re1 Rf2+ 20. Kc3
Rxg2 21. Ree8 Rg3 22. Rg8+ Kf6 23. Rxb8 Rxb8 24. Rxb8 b6 25. c5 bxc5 26. Rc8
Ke5 27. Rxc6 Kd5 28. Rc7 Rxh3 29. Rd7+ Ke6 30. Rxa7 f5 31. a4 Kd5 32. Rd7+ Kc6
33. Rf7 Kd5 34. b3 h5 35. a5 Rh2 36. a6 1-0

[Event "SR 1. liga zapad 2014/2015"]
[Site "?"]
[Date "2014.11.30"]
[Round "4.1"]
[White "Joba, Arpad"]
[Black "Pupak, Tomas"]
[Result "1/2-1/2"]
[WhiteElo "1887"]
[BlackElo "2022"]
[PlyCount "58"]
[EventDate "2014.??.??"]

1. e4 d6 2. d4 Nf6 3. f3 Nbd7 4. Be3 e5 5. d5 c6 6. c4 cxd5 7. cxd5 Be7 8. Nc3
O-O 9. Bd3 a6 10. a4 Nh5 11. Qd2 Nc5 12. Bc2 b6 13. b4 Nb7 14. g4 Nf4 15. Kf1
Qc7 16. Nce2 a5 17. Bxf4 exf4 18. b5 Bf6 19. Rc1 Bb2 20. Rb1 Be5 21. Kg2 g5 22.
Nh3 h6 23. Nf2 Kg7 24. Rhc1 Nc5 25. Nd3 f6 26. Bd1 Qe7 27. Nxc5 dxc5 28. Bb3
Qd6 29. Rd1 Bd7 1/2-1/2

[Event "SR 1. liga zapad 2014/2015"]
[Site "?"]
[Date "2014.11.30"]
[Round "4.1"]
[White "Prasek, Ivan"]
[Black "Viczencz, Peter"]
[Result "1-0"]
[WhiteElo "2042"]
[BlackElo "1864"]
[PlyCount "59"]
[EventDate "2014.??.??"]

1. e4 e5 2. Nf3 Nf6 3. d4 exd4 4. e5 Ne4 5. Qxd4 d5 6. exd6 Nxd6 7. Nc3 Nc6 8.
Qf4 Bf5 9. Bb5 Bxc2 10. Ne5 Qe7 11. Nd5 Nxb5 12. Nxe7 Nxe7 13. Qxf7+ Kd8 14.
Qc4 Nd6 15. Qxc2 Nd5 16. Bg5+ Be7 17. Bxe7+ Kxe7 18. O-O Rae8 19. Rad1 Kf6 20.
Ng4+ Ke6 21. Rfe1+ Kd7 22. Ne5+ Ke6 23. Ng6+ Kd7 24. Nxh8 Rxh8 25. Rxd5 c6 26.
Qf5+ Kc7 27. Re7+ Kb6 28. Rxd6 g5 29. Rdd7 Rb8 30. b4 1-0

[Event "SR 1. liga zapad 2014/2015"]
[Site "?"]
[Date "2014.11.30"]
[Round "4.1"]
[White "Grof, Stefan"]
[Black "Kutny, Marian"]
[Result "0-1"]
[WhiteElo "1956"]
[BlackElo "1938"]
[PlyCount "74"]
[EventDate "2014.??.??"]

1. d4 d5 2. Nf3 Nf6 3. c4 e6 4. Nc3 b6 5. Bg5 Be7 6. e3 h6 7. Bxf6 Bxf6 8. cxd5
exd5 9. Be2 O-O 10. O-O c5 11. Qa4 Bf5 12. Rfd1 cxd4 13. Nxd4 Bd7 14. Qb3 Nc6
15. Nxd5 Bxd4 16. exd4 Be6 17. Bf3 Na5 18. Qb5 a6 19. Ne7+ Qxe7 20. Qxb6 Nc4
21. Qc6 Nxb2 22. Rdb1 Rab8 23. Qxa6 Qb4 24. d5 Bf5 25. Rc1 Ra8 26. Qf1 Rfe8 27.
g3 Be4 28. Qg2 Rad8 29. a3 Bxf3 30. Qxf3 Qe4 31. Qb3 Nd3 32. Rc3 Ne1 33. f3 Qe2
34. Ra2 Qe5 35. a4 Rxd5 36. Ra3 Qe2 37. Ra2 Rd2 0-1

[Event "SR 1. liga zapad 2014/2015"]
[Site "?"]
[Date "2014.11.30"]
[Round "4.2"]
[White "Motuz, Karol"]
[Black "Berczes, Csaba"]
[Result "1/2-1/2"]
[WhiteElo "2336"]
[BlackElo "2357"]
[PlyCount "47"]
[EventDate "2014.??.??"]

1. d4 Nf6 2. c4 e6 3. Nf3 b6 4. g3 Bb7 5. Bg2 Bb4+ 6. Nbd2 O-O 7. O-O Be7 8. b3
c5 9. Bb2 d6 10. e3 Nbd7 11. Qe2 Rc8 12. e4 cxd4 13. Nxd4 Qc7 14. Rac1 Qb8 15.
Rfe1 Rfe8 16. f3 Bf8 17. Nb1 g6 18. Nc3 Bg7 19. Rcd1 a6 20. Rd2 h5 21. Qe3 Kh7
22. Rde2 Bh6 23. Qd3 h4 24. Nc2 1/2-1/2

[Event "SR 1. liga zapad 2014/2015"]
[Site "?"]
[Date "2014.11.30"]
[Round "4.2"]
[White "Farkas, Gabor"]
[Black "Jakubek, Peter"]
[Result "1-0"]
[WhiteElo "2346"]
[BlackElo "2169"]
[PlyCount "83"]
[EventDate "2014.??.??"]

1. Nf3 d5 2. c4 e6 3. d4 c6 4. e3 f5 5. Bd3 Nf6 6. Nc3 Bd6 7. Ne5 Nbd7 8. f4 a6
9. O-O O-O 10. Bd2 Ne4 11. Be1 Nxe5 12. fxe5 Be7 13. Qb3 Kh8 14. Be2 Bg5 15.
Nxe4 dxe4 16. Bb4 Be7 17. Bxe7 Qxe7 18. c5 Bd7 19. Bc4 Rab8 20. a4 g5 21. Rae1
Qf7 22. Rf2 Qg6 23. Ref1 Qh6 24. g3 Rf7 25. Bxa6 f4 26. exf4 gxf4 27. Rxf4 Rxf4
28. Rxf4 Rg8 29. Rf6 Qd2 30. Bc4 Qxd4+ 31. Kg2 e3 32. Qd3 Qxb2+ 33. Kg1 Be8 34.
Qxe3 Bg6 35. Rf2 Qa1+ 36. Rf1 Qxa4 37. Bxe6 Re8 38. Qf4 Qxf4 39. gxf4 Be4 40.
Re1 Bd5 41. Bxd5 cxd5 42. Kf2 1-0

[Event "SR 1. liga zapad 2014/2015"]
[Site "?"]
[Date "2014.11.30"]
[Round "4.2"]
[White "Obona, Jan"]
[Black "Janko, Michal"]
[Result "1-0"]
[WhiteElo "2166"]
[BlackElo "2280"]
[PlyCount "163"]
[EventDate "2014.??.??"]

1. Nf3 f5 2. g3 Nf6 3. Bg2 g6 4. O-O Bg7 5. c4 O-O 6. Nc3 d6 7. d4 c6 8. Qb3 h6
9. Nh4 g5 10. Nf3 Qe8 11. c5+ Kh8 12. cxd6 exd6 13. h4 g4 14. Ne1 Nh5 15. e3
Nd7 16. Nd3 Nb6 17. Bd2 Be6 18. Qc2 f4 19. d5 cxd5 20. Nxf4 Nxf4 21. exf4 Rc8
22. Qd1 Nc4 23. Bc1 d4 24. Nd5 Qh5 25. Ne7 Rc7 26. f5 Bxf5 27. Nd5 Rc5 28. Nf4
Qf7 29. b3 Ne5 30. Ba3 Rc2 31. Bxd6 Rd8 32. Bxe5 Bxe5 33. Nd3 Bxd3 34. Qxd3
Rdc8 35. Rae1 Bg7 36. Re4 R2c3 37. Qb5 R3c5 38. Qb4 a5 39. Qd2 h5 40. Rfe1 Rc2
41. Re8+ Rxe8 42. Rxe8+ Qxe8 43. Qxc2 b6 44. Be4 Bf8 45. Bg6 Qe5 46. Qc6 Bc5
47. Qe8+ Qxe8 48. Bxe8 Kg7 49. Bxh5 Kf6 50. Bxg4 Ke5 51. h5 Bf8 52. Kf1 d3 53.
Ke1 Kd4 54. Kd1 Bh6 55. Bf5 Bf8 56. Bd7 Bh6 57. Bf5 Bf8 58. Kd2 Bb4+ 59. Kd1
Bf8 60. Ke1 Bh6 61. Bg4 Bf8 62. Kf1 Bh6 63. Kg2 d2 64. Bd1 Ke4 65. f4 Ke3 66.
Kh3 Kf2 67. Kg4 Ke1 68. Bc2 Kf2 69. f5 Ke3 70. f6 d1=Q+ 71. Bxd1 Ke4 72. f7 Ke5
73. f8=Q Bxf8 74. Kg5 Ke6 75. Kg6 Bd6 76. g4 Be5 77. Be2 Ke7 78. Bc4 Kf8 79. a4
Bd4 80. h6 Be3 81. g5 Bd2 82. Kh5 1-0

[Event "SR 1. liga zapad 2014/2015"]
[Site "?"]
[Date "2014.11.30"]
[Round "4.2"]
[White "Janko, Ladislav"]
[Black "Chovanec, Milan"]
[Result "0-1"]
[WhiteElo "2169"]
[BlackElo "2143"]
[PlyCount "114"]
[EventDate "2014.??.??"]

1. e4 Nf6 2. Nc3 d5 3. e5 Ne4 4. Nce2 Nc5 5. d4 Ne6 6. Be3 b6 7. f4 g6 8. Nf3
Ng7 9. c4 Nf5 10. Bf2 h5 11. Nc3 e6 12. Qb3 c6 13. Bd3 Na6 14. cxd5 exd5 15. e6
fxe6 16. Ne5 Nb8 17. Nxg6 Rh6 18. Bxf5 exf5 19. Ne5 Nd7 20. Nf3 Be7 21. O-O-O
Nf6 22. Bh4 Ne4 23. Bxe7 Qxe7 24. Rhe1 Bb7 25. Qa4 Kd8 26. g3 Kc7 27. Re2 Rc8
28. Rd3 Kb8 29. Nd1 Re6 30. Qa3 c5 31. Rc2 c4 32. Qxe7 Rxe7 33. Re3 b5 34. Nh4
Rf7 35. Re1 Rd8 36. Ne3 Bc8 37. Nf3 Kb7 38. Nd1 b4 39. Nf2 a5 40. Ne5 Rg7 41.
Rf1 Rf8 42. Nf3 Be6 43. Kd1 Bd7 44. Ke2 Ba4 45. Rcc1 Bb5 46. Rfe1 c3+ 47. Ke3
cxb2 48. Rb1 Rc7 49. Nd1 Rc3+ 50. Nxc3 bxc3 51. Ne5 Re8 52. Rg1 Nd2 53. Rxb2
Nc4+ 54. Kd3 cxb2 55. Kc3 a4 56. a3 Rc8 57. Nf7 Nd6+ 0-1